<?xml version="1.0" encoding="UTF-8"?>
<record
    xmlns:xsi="http://www.w3.org/2001/XMLSchema-instance"
    xsi:schemaLocation="http://www.loc.gov/MARC21/slim http://www.loc.gov/standards/marcxml/schema/MARC21slim.xsd"
    xmlns="http://www.loc.gov/MARC21/slim">

  <leader>00821nam a2200205   4500</leader>
  <controlfield tag="003">SEM</controlfield>
  <controlfield tag="005">20250603164239.0</controlfield>
  <controlfield tag="008">250603s1969    ai ||||gr||||||01|||rus|d</controlfield>
  <datafield tag="040" ind1=" " ind2=" ">
    <subfield code="a">SEM</subfield>
    <subfield code="c">SEM</subfield>
  </datafield>
  <datafield tag="041" ind1=" " ind2=" ">
    <subfield code="a">rus</subfield>
  </datafield>
  <datafield tag="080" ind1=" " ind2=" ">
    <subfield code="a">347.6(094.4)/K-58</subfield>
  </datafield>
  <datafield tag="245" ind1=" " ind2=" ">
    <subfield code="a">&#x41A;&#x43E;&#x434;&#x435;&#x43A;&#x441; &#x43E; &#x431;&#x440;&#x430;&#x43A;&#x435; &#x438; &#x441;&#x435;&#x43C;&#x44C;&#x435; &#x430;&#x440;&#x43C;&#x44F;&#x43D;&#x441;&#x43A;&#x43E;&#x439; &#x441;&#x43E;&#x432;&#x435;&#x442;&#x441;&#x43A;&#x43E;&#x439; &#x441;&#x43E;&#x446;&#x438;&#x430;&#x43B;&#x438;&#x441;&#x442;&#x438;&#x447;&#x435;&#x441;&#x43A;&#x43E;&#x439; &#x440;&#x435;&#x441;&#x43F;&#x443;&#x431;&#x43B;&#x438;&#x43A;&#x438; /</subfield>
    <subfield code="c">&#x41E;&#x442;&#x432;. &#x440;&#x435;&#x434;.: &#x412;. &#x413;. &#x414;&#x430;&#x43D;&#x438;&#x43B;&#x43E;&#x432; ; &#x41A;. &#x418;. &#x418;&#x43E;&#x430;&#x43D;&#x43D;&#x435;&#x441;&#x44F;&#x43D;</subfield>
  </datafield>
  <datafield tag="260" ind1=" " ind2=" ">
    <subfield code="a">&#x415;&#x440;&#x435;&#x432;&#x430;&#x43D; :</subfield>
    <subfield code="b">&#xAB;&#x410;&#x439;&#x430;&#x441;&#x442;&#x430;&#x43D;&#xBB;,</subfield>
    <subfield code="c">1969.</subfield>
  </datafield>
  <datafield tag="300" ind1=" " ind2=" ">
    <subfield code="a">123 &#x441;. ;</subfield>
    <subfield code="c">17 &#x441;&#x43C;</subfield>
  </datafield>
  <datafield tag="650" ind1=" " ind2=" ">
    <subfield code="a">&#x421;&#x435;&#x43C;&#x435;&#x439;&#x43D;&#x43E;&#x435; &#x43F;&#x440;&#x430;&#x432;&#x43E;</subfield>
    <subfield code="x">&#x43A;&#x43E;&#x434;&#x435;&#x43A;&#x441;&#x44B; &#x437;&#x430;&#x43A;&#x43E;&#x43D;&#x43E;&#x432;</subfield>
  </datafield>
  <datafield tag="653" ind1=" " ind2=" ">
    <subfield code="a">&#x54D;&#x537;&#x544;</subfield>
  </datafield>
  <datafield tag="700" ind1=" " ind2=" ">
    <subfield code="a">&#x414;&#x430;&#x43D;&#x438;&#x43B;&#x43E;&#x432;, &#x412;. &#x413;.</subfield>
    <subfield code="e">&#x43E;&#x442;&#x432;. &#x440;&#x435;&#x434;.</subfield>
    <subfield code="4">resp. for edit.</subfield>
  </datafield>
  <datafield tag="700" ind1=" " ind2=" ">
    <subfield code="a">&#x418;&#x43E;&#x430;&#x43D;&#x43D;&#x435;&#x441;&#x44F;&#x43D;,  &#x41A;. &#x418;</subfield>
    <subfield code="e">&#x43E;&#x442;&#x432;. &#x440;&#x435;&#x434;.</subfield>
    <subfield code="4">resp. for edit.</subfield>
  </datafield>
  <datafield tag="942" ind1=" " ind2=" ">
    <subfield code="2">udc</subfield>
    <subfield code="c">BK</subfield>
  </datafield>
  <datafield tag="999" ind1=" " ind2=" ">
    <subfield code="c">76570</subfield>
    <subfield code="d">76570</subfield>
  </datafield>
  <datafield tag="952" ind1=" " ind2=" ">
    <subfield code="0">0</subfield>
    <subfield code="1">0</subfield>
    <subfield code="2">udc</subfield>
    <subfield code="4">0</subfield>
    <subfield code="7">0</subfield>
    <subfield code="8">&#x533;&#x580;&#x561;&#x57A;&#x561;&#x570;&#x578;&#x581;</subfield>
    <subfield code="a">SEM</subfield>
    <subfield code="b">SEM</subfield>
    <subfield code="d">2025-06-03</subfield>
    <subfield code="i">&#x420;&#x443;&#x441;-10529</subfield>
    <subfield code="l">0</subfield>
    <subfield code="o">347.6(094.4)/K-58</subfield>
    <subfield code="p">&#x420;&#x443;&#x441;-10529</subfield>
    <subfield code="r">2025-06-03</subfield>
    <subfield code="w">2025-06-03</subfield>
    <subfield code="y">BK</subfield>
    <subfield code="z">&#x54D;&#x57A;&#x561;&#x57D;&#x561;&#x580;&#x56F;&#x57E;&#x578;&#x582;&#x574; &#x567; &#x568;&#x576;&#x569;&#x565;&#x580;&#x581;&#x561;&#x57D;&#x580;&#x561;&#x570;</subfield>
  </datafield>
</record>
